000 00473nam a2200145Ia 4500
008 100122s9999 xx 000 0 und d
082 _b17232
_aNill
100 _aयावलकर शांताराम
245 _aजर्मन भाषा शिका
260 _bउद्यम प्रकाशन
_c1963
300 _a171
630 _aजर्मन भाषा शिका
730 _aजर्मन भाषा शिका
942 _cBOOK
999 _c407016
_d407013